The Global bankers (Record no. 75914)

MARC details
000 -LEADER
fixed length control field 00749nam a2200145 a 4500
008 - FIXED-LENGTH DATA ELEMENTS--GENERAL INFORMATION
fixed length control field 120416s1989 ||||||||||||||||| || u
050 ## - LIBRARY OF CONGRESS CALL NUMBER
Classification number HG 3881 Smi
100 ## - MAIN ENTRY--PERSONAL NAME
Personal name Smith, Roy C
245 14 - TITLE STATEMENT
Title The Global bankers
260 ## - PUBLICATION, DISTRIBUTION, ETC.
Place of publication, distribution, etc. New York
Name of publisher, distributor, etc. Truman/Plume
Date of publication, distribution, etc. 1989
350 ## -
-- 0.00
995 ## -
-- ANNEX COLLECTION (Main Library)
-- 0.00
-- 725612
-- CBU-MAIN LIBRARY (Kitwe)
-- 2
-- 22.50
-- HG 3881 Smi
-- 2
-- AVAILABLE
-- 008017
-- Annex Low-Usage Collection
995 ## -
-- ANNEX COLLECTION (Main Library)
-- 0.00
-- 008016
-- CBU-MAIN LIBRARY (Kitwe)
-- 1
-- 22.50
-- HG 3881 Smi
-- AVAILABLE
-- 008016
-- Annex Low-Usage Collection
995 ## -
-- ANNEX COLLECTION (Main Library)
-- 0.00
-- 723405
-- CBU-MAIN LIBRARY (Kitwe)
-- 3
-- 22.50
-- HG 3881 Smi
-- 3
-- AVAILABLE
-- 008018
-- Annex Low-Usage Collection
999 ## -
-- 75914
-- 75914
Holdings
Withdrawn status Lost status Source of classification or shelving scheme Damaged status Not for loan Permanent Location Current Location Shelving location Date acquired Total Checkouts Full call number Barcode Date last seen Copy number Price effective from Koha item type
          CBU-MAIN LIBRARY, KITWE. CBU-MAIN LIBRARY, KITWE.   04/25/2023   HG 3881 Smi 008017 04/25/2023 1 04/25/2023 MONOGRAPH
          CBU-MAIN LIBRARY, KITWE. CBU-MAIN LIBRARY, KITWE.   04/25/2023   HG 3881 Smi 008016 04/25/2023 2 04/25/2023 MONOGRAPH
Withdrawn         CBU-MAIN LIBRARY, KITWE. CBU-MAIN LIBRARY, KITWE.   04/25/2023   HG 3881 Smi 008018 04/25/2023 3 04/25/2023 MONOGRAPH